Statistics for Disney Songs by Movie - Tile Select #1

Click here to take the quiz!

General Stats

  • This quiz has been taken 152 times
  • The average score is 94 of 100

Answer Stats

QuestionTileSelect?% Correct
FrozenCan You Feel the Love Tonight?
100%
The Jungle BookLet it Go
100%
FrozenA Whole New World
100%
FrozenCircle of Life
100%
The Jungle BookUnder the Sea
100%
AladdinThe Bare Necessities
100%
FrozenKiss the Girl
100%
The Little MermaidArabian Nights
100%
FrozenFriend Like Me
100%
The Little MermaidHakuna Matata
100%
The Jungle BookCan You Feel the Love Tonight?
100%
FrozenUnder the Sea
100%
FrozenHakuna Matata
100%
AladdinHakuna Matata
100%
FrozenArabian Nights
100%
FrozenThe Bare Necessities
100%
AladdinUnder the Sea
100%
AladdinDo You Want to Build a Snowman?
100%
The Little MermaidLet it Go
100%
The Little MermaidDo You Want to Build a Snowman?
100%
The Jungle BookA Whole New World
100%
AladdinLet it Go
100%
The Little MermaidCircle of Life
100%
The Jungle BookArabian Nights
100%
The Jungle BookDo You Want to Build a Snowman?
100%
The Little MermaidCan You Feel the Love Tonight?
100%
AladdinCircle of Life
100%
FrozenPoor Unfortunate Souls
99%
The Little MermaidThe Bare Necessities
99%
The Jungle BookIn Summer
99%
The Little MermaidIn Summer
99%
The Little MermaidBe Prepared
99%
The Little MermaidThat's What Friends are For
99%
The Jungle BookLove is an Open Door
99%
The Jungle BookCircle of Life
99%
The Little MermaidLove is an Open Door
99%
The Lion KingIn Summer
99%
The Lion KingArabian Nights
99%
FrozenPart of Your World
99%
FrozenOne Jump Ahead
99%
The Lion KingLet it Go
99%
The Lion KingUnder the Sea
99%
The Lion KingDo You Want to Build a Snowman?
99%
AladdinCan You Feel the Love Tonight?
99%
The Lion KingFriend Like Me
99%
The Lion KingLove is an Open Door
99%
The Lion KingA Whole New World
99%
The Lion KingOne Jump Ahead
99%
The Jungle BookHakuna Matata
99%
The Lion KingPoor Unfortunate Souls
99%
AladdinI Wanna Be Like You
99%
FrozenBe Prepared
99%
FrozenI Wanna Be Like You
99%
The Little MermaidFriend Like Me
98%
The Little MermaidI Wanna Be Like You
98%
The Lion KingPart of Your World
98%
The Little MermaidOne Jump Ahead
98%
The Lion KingKiss the Girl
98%
AladdinIn Summer
98%
FrozenTrust in Me
98%
AladdinLove is an Open Door
98%
The Jungle BookPoor Unfortunate Souls
97%
AladdinPart of Your World
97%
The Jungle BookKiss the Girl
97%
AladdinPoor Unfortunate Souls
97%
FrozenThat's What Friends are For
97%
The Little MermaidTrust in Me
97%
AladdinBe Prepared
96%
The Jungle BookPart of Your World
96%
The Lion KingThe Bare Necessities
96%
The Lion KingTrust in Me
96%
The Little MermaidA Whole New World
96%
The Lion KingI Wanna Be Like You
96%
The Lion KingThat's What Friends are For
95%
The Lion KingHakuna Matata
95%
AladdinKiss the Girl
94%
AladdinThat's What Friends are For
93%
The Jungle BookOne Jump Ahead
93%
The Little MermaidUnder the Sea
93%
AladdinTrust in Me
93%
The Jungle BookFriend Like Me
93%
The Jungle BookBe Prepared
93%
FrozenDo You Want to Build a Snowman?
92%
FrozenLet it Go
92%
The Lion KingCircle of Life
91%
The Jungle BookThe Bare Necessities
89%
AladdinArabian Nights
89%
The Lion KingCan You Feel the Love Tonight?
88%
AladdinA Whole New World
82%
FrozenLove is an Open Door
77%
The Little MermaidPart of Your World
74%
FrozenIn Summer
74%
The Little MermaidKiss the Girl
70%
The Little MermaidPoor Unfortunate Souls
66%
The Jungle BookI Wanna Be Like You
65%
The Lion KingBe Prepared
60%
AladdinOne Jump Ahead
60%
AladdinFriend Like Me
55%
The Jungle BookTrust in Me
48%
The Jungle BookThat's What Friends are For
46%

Score Distribution

Percentile by Number Answered

Percent of People with Each Score

Your Score History

You have not taken this quiz